000 01492cam a2200217 a 4500
001 1163870
005 20260430053058.0
008 960920s1997 enk b 001 0 eng
020 _a0198290675 (hbk.)
082 0 0 _a330.951 CHA
100 1 _aChai, C. H. Joseph
245 1 0 _aChina :
_btransition to a market economy /
_cJoseph C.H. Chai.
260 _aOxford, UK :
_bOxford University Press,
_c1997.
300 _axiii, 230 p. ;
_c23 cm.
490 1 _aStudies on contemporary China
505 _aList of Tables List of Figures Abbreviations 1. Introduction 2. Institutional Changes in the Agricultural Sector xi 1 11 3. Changes in the Industrial System I. Administrative Reforms and Industrial Reorganization 32 4. Changes in the Industrial System II: Increased Enterprise Autonomy 51 5. Changes in the Industrial System III: Incentive Reforms 65 6. Reforms of the Price System 94 7. Reforms of the Financial System 118 8. The Open Door Policy I: Trade Liberalization 139 9. The Open Door Policy II: Foreign Direct Investment 156 10. The Role of the Non-state Sector 168 11. China's Transition: Overview and General Assessment 185 Appendices 205 Abbreviations of Sources 208 211 223 Bibliography Index
650 _aEconomic policy
650 _aEconomic conditions
856 4 2 _3Publisher description
_uhttp://www.loc.gov/catdir/enhancements/fy0640/96036785-d.html
942 _2ddc
_cBK
999 _c14390
_d14390